Ligi Świata w Piłce nożnej których wartość przekracza 1 miliard € - Statystyki

Ogólne statystyki
  • Ten quiz został rozwiązany 28 razy
  • Średni wynik to 11 z 13
Statystyki odpowiedzi
Wartość Ligi Liga % Poprawnych
5,32 mld € LaLiga (Hiszpania)
100%
3,56 mld € Ligue 1 (Francja)
100%
5,14 mld € Serie A (Włochy)
100%
4,59 mld € Bundesliga (Niemcy)
92%
11,84 mld € Premier League (Anglia)
92%
1,68 mld € Liga Portugal (Portugalia)
88%
1,33 mld € Eredivisie (Holandia)
84%
1,27 mld € Major League Soccer (MLS) (Stany Zjednoczone, Kanada)
80%
1,05 mld € Pro League (Belgia)
80%
1,02 mld € Saudi Professional League (Arabia Saudyjska)
76%
1,79 mld € Série A (Brazylia)
72%
1,11 mld € Süper Lig (Turcja)
64%
1,77 mld € Championship (Anglia 2 liga)
32%
Nie znaleziono quizów pasujących do podanych kryteriów
Rozkład punktacji
Procent ludzi z każdym wynikiem
Percentyl według liczby udzielonych odpowiedzi
Twoja historia wyników
Nie rozwiązałeś tego quizu